Name Anything Valid #1 - Statistics

General Stats
  • This quiz has been taken 484 times
  • The average score is 10 of 20
Answer Stats
Hint Answer % Correct
Colors on a Rubik's Cube Red/Orange/Yellow/Green/Blue/White
100%
Name of a Finger Pinky/Ring/Middle/Pointer/Thumb
98%
Dwarf Planets of the Solar System Ceres/Pluto/Haumea/Makemake/Eris
96%
Countries that start with V Vanuatu/Vietnam/Vatican City/Venezuela
96%
Hogwarts House Names Gryffindor/Ravenclaw/Hufflepuff/Slytherin
90%
Names of the Great Lakes Huron/Ontario/Michigan/Erie/Superior
86%
Greek God Zeus' siblings Hera/Hades/Hestia/Poseidon/Chiron/Demeter
74%
States in New England Maine/New Hampshire/Vermont/Massachusetts/Connecticut/Rhode Island
74%
Countries Ranked #61-70 in Size Zimbabwe/Japan/Germany/Philippines/Congo/Finland/Vietnam/Malaysia/Norway/Ivory Coast
49%
States where over 65% of voters voted Biden in 2020 Vermont/Massachusetts/Maryland
45%
NBA teams that have not been in the finals Charlotte Hornets/Denver Nuggets/Los Angeles Clippers/Memphis Grizzlies/Minnesota Timberwolves/New Orleans Pelicans
36%
Top Girl or Top Boy Name in US Liam/Olivia
21%
Classifications broader than a phylum in taxonomy Domain/Kingdom
20%
Fruits with over 20 grams of sugar per cup Pomegranate/Mango
19%
Countries with exactly 14 letters Papua New Guinea/Solomon Islands
16%
State with the highest obesity rate Mississippi
14%
Countries over 95% forest Suriname
12%
States with the tallest men Iowa/Alabama
6%
The 1000th prime number 7919
2%
States that voted yellow in 1924 Wisconsin
2%
No matching quizzes found
Score Distribution
Percent of People with Each Score
Percentile by Number Answered
Your Score History
You have not taken this quiz